| 000 | 00513cam a2200181ua 4500 | ||
|---|---|---|---|
| 020 | _c1500.00 | ||
| 041 |
_aeng _h |
||
| 082 |
_a550.006 _bNAG/GE |
||
| 100 | _aNag, Prithvish . | ||
| 245 |
_aGeographic information system; concept and business opportunities / _cPrithvish Nag. _hTextual Documents |
||
| 260 |
_aNew Delhi : _bConcept Publishing Company , _c2007. |
||
| 300 |
_a520 ; _e`. |
||
| 365 | _a1500.00 | ||
| 504 | _a | ||
| 700 | 1 | _aSenguptha, Smith . | |
| 942 | _cBK | ||
| 999 |
_c13096 _d13096 |
||